000
00254nam a2200109Ia 4500
008
201231s9999 xx 000 0 und d
100
_a
Kubasek, Nancy K.
245
0
_a
Environmental Law
260
_a
New Jersy
_b
Prentice Hall
300
_a
292
942
_c
BK
999
_c
9685
_d
9685